000 00401nam a2200121Ia 4500
008 220216s9999 xx 000 0 und d
100 _aMuljodihardjo Suhirman
245 0 _aDevelopment of improved rubber clones on smallholding
260 _bIn: Prosidings of the Lokakarya Nasional Pemuliaan Tanaman Karet, Medan 1992; p255-260
650 _aIndonesia
650 _aRubber smallholding
942 _cJS
999 _c57009
_d57009